000 01109naa a22003137a 4500
001 BR8105723
003 BR-BrBNA
005 20240918174852.0
007 ta
008 230509b bl.||||| |||| 00| 0 por d
040 _aBR-BrBNA
_bpor
_cBiblioteca Nacional de Agricultura
041 _a(Pt)
072 _aF60
_b2120
_b3840
090 _aF60 BR8105723
100 1 _aGarcia, A.W.R.
100 1 _aSalgado, A.R.
111 1 _a9. Congresso Brasileiro de Pesquisas Cafeeiras
_cSao Lourenco, MG (Brazil)
_d27 Oct 1981
245 1 _aAbsorcao do Zinco pelo cafeeiro atraves de sais e misturas
260 3 _aRio de Janeiro, RJ (Brasil):
_c1981.
500 _aResumos do 9. Congresso Brasileiro de Pesquisas Cafeeiras Rio de Janeiro, RJ (Brasil): 1981. p. 39-47 (BR8105723-AM)F60
650 _aCAFE
650 _aNUTRICAO MINERAL
650 _aANALISE FOLIAR
650 _aABSORCAO
650 _aZINCO
773 0 _tResumos do 9. Congresso Brasileiro de Pesquisas Cafeeiras
_wF60 BR8105723
_gRio de Janeiro, RJ (Brasil), 1981. p. 39-47
909 _a202404
_bLucia
_c55
_dLucia Elande
942 _cAM
_2AGRIS
999 _c314103
_d314103